Welcome to CU Library Online Public Access Catalogue (OPAC)

HIV and AIDS : (Record no. 3636)

MARC details
000 -LEADER
fixed length control field 01116cam a2200277 a 4500
001 - CONTROL NUMBER
control field 13596407
005 - DATE AND TIME OF LATEST TRANSACTION
control field 20250208091323.0
008 - FIXED-LENGTH DATA ELEMENTS--GENERAL INFORMATION
fixed length control field 040518s2003 enka b 000 0 eng
020 ## - INTERNATIONAL STANDARD BOOK NUMBER
International Standard Book Number 9780340706398
050 00 - LIBRARY OF CONGRESS CALL NUMBER
Classification number RC606.63
Item number .P73 2003
082 04 - DEWEY DECIMAL CLASSIFICATION NUMBER
Classification number 362.1/969792
Edition information 20
100 1# - MAIN ENTRY--PERSONAL NAME
Personal name Pratt, Robert J.
245 10 - TITLE STATEMENT
Title HIV and AIDS :
Remainder of title a foundation for nursing and healthcare practice /
Statement of responsibility, etc. Robert J. Pratt.
250 ## - EDITION STATEMENT
Edition statement 5th ed.
260 ## - PUBLICATION, DISTRIBUTION, ETC.
Place of publication, distribution, etc. London :
Name of publisher, distributor, etc. E. Arnold,
Date of publication, distribution, etc. 2003.
300 ## - PHYSICAL DESCRIPTION
Extent xv, 464 p. :
Other physical details ill. ;
Dimensions 24 cm.
650 #0 - SUBJECT ADDED ENTRY--TOPICAL TERM
Topical term or geographic name entry element AIDS (Disease)
General subdivision Nursing.
650 #0 - SUBJECT ADDED ENTRY--TOPICAL TERM
Topical term or geographic name entry element HIV infections
General subdivision Nursing.
650 12 - SUBJECT ADDED ENTRY--TOPICAL TERM
Topical term or geographic name entry element Acquired Immunodeficiency Syndrome
General subdivision nursing.
650 22 - SUBJECT ADDED ENTRY--TOPICAL TERM
Topical term or geographic name entry element HIV Infections
General subdivision nursing.
700 1# - ADDED ENTRY--PERSONAL NAME
Personal name Pratt, Robert J.
Title of a work AIDS, a strategy for nursing care.
856 42 - ELECTRONIC LOCATION AND ACCESS
Materials specified Publisher description
Uniform Resource Identifier <a href="http://www.loc.gov/catdir/enhancements/fy0620/2004274083-d.html">http://www.loc.gov/catdir/enhancements/fy0620/2004274083-d.html</a>
856 41 - ELECTRONIC LOCATION AND ACCESS
Materials specified Table of contents only
Uniform Resource Identifier <a href="http://www.loc.gov/catdir/enhancements/fy0620/2004274083-t.html">http://www.loc.gov/catdir/enhancements/fy0620/2004274083-t.html</a>
856 42 - ELECTRONIC LOCATION AND ACCESS
Materials specified Contributor biographical information
Uniform Resource Identifier <a href="http://www.loc.gov/catdir/enhancements/fy1302/2004274083-b.html">http://www.loc.gov/catdir/enhancements/fy1302/2004274083-b.html</a>
942 ## - ADDED ENTRY ELEMENTS (KOHA)
Source of classification or shelving scheme Library of Congress Classification
Koha item type Books
Edition 5th ed.
Suppress in OPAC No
999 ## -
-- 3636
-- 3636
Holdings
Withdrawn status Lost status Source of classification or shelving scheme Damaged status Not for loan Collection Home library Current library Shelving location Date acquired Total checkouts Full call number Barcode Date last seen Copy number Price effective from Koha item type
    Library of Congress Classification     Non-fiction Science Library (Miotso) Science Library (Miotso) General stacks 02/08/2025   RC606.63 .P73 PRA SLM00003157 02/08/2025 1 02/08/2025 Books
© 2023-2024 Copyright: Central University Libraries. All Rights Reserved | Created by: Mahone Tech Office